| 000 | 00651nam a2200205 a 4500 | ||
|---|---|---|---|
| 005 | 20210223130909.0 | ||
| 008 | 081203m19872003mx r 000 0 spa d | ||
| 020 | _a9683900771 | ||
| 035 | _aUPN01000168337 | ||
| 049 | _aI | ||
| 050 | 4 |
_aF1262 _bC2.9 |
|
| 100 | 1 |
_aCárdenas, Magolo, _d1950- _935601 |
|
| 245 | 1 | 3 |
_aLa zona del silencio / _ctexto e il. Magolo Cárdenas. |
| 260 |
_aMéxico : _bPatria, _c1987 (2003 impr.). |
||
| 300 |
_a31 p. : _bil. col. |
||
| 440 | 0 |
_aPiñata. _pNuestro país |
|
| 650 | 4 |
_aDESIERTOS - _vLITERATURA JUVENIL _911366 |
|
| 651 | 4 |
_aCHIHUAHUA - _xDESCRIPCION Y VIAJES - _vLITERATURA INFANTIL _913408 |
|
| 905 | _aInfantil | ||
| 999 |
_c140444 _d140444 |
||